|
|
|
|
| LEADER |
00000nam0a2200000 4500 |
| 001 |
45035 |
| 005 |
20231101210926.0 |
| 035 |
|
|
|a (RuTPU)RU\TPU\book\46781
|
| 090 |
|
|
|a 45035
|
| 100 |
|
|
|a 20021128d1974 m y0rusy50 ca
|
| 101 |
0 |
|
|a rus
|
| 102 |
|
|
|a RU
|
| 105 |
|
|
|a a j 001zy
|
| 200 |
1 |
|
|a Физико-химические методы анализа
|e учебное пособие для вузов
|f Ю. С. Ляликов
|
| 205 |
|
|
|a 5-е изд., перераб. и доп.
|
| 210 |
|
|
|a Москва
|c Химия
|d 1974
|
| 215 |
|
|
|a 536 с.
|c ил.
|
| 320 |
|
|
|a Библиогр. в конце глав
|
| 320 |
|
|
|a Предм. указ.: с. 529-536
|
| 330 |
|
|
|a Книга посвящена физико-химическим методам анализа, в ней описаны практически все применяемые методы. Рассматривается аппаратура и особенности работы с ней, необходимые практические приемы и т. д. В настоящем, пятом издании достаточное внимание уделено также определению этими методами величин (произведения растворимости, констант диссоциации и комплексообразования и др.), необходимых в химическом анализе (четвертое издание вышло в 1964 г.). Книга предназначена для учащихся химических и металлургических высших и средних учебных заведений; она может быть полезна работникам исследовательских и заводских лабораторий.
|
| 606 |
1 |
|
|a Физико-химический анализ
|2 stltpush
|3 (RuTPU)RU\TPU\subj\68857
|9 83965
|
| 610 |
1 |
|
|a химия
|
| 610 |
1 |
|
|a химический анализ
|
| 610 |
1 |
|
|a фотометрические методы
|
| 610 |
1 |
|
|a нефелометрический метод
|
| 610 |
1 |
|
|a турбидиметрический метод
|
| 610 |
1 |
|
|a рефрактометрический метод
|
| 610 |
1 |
|
|a поляриметрический метод
|
| 610 |
1 |
|
|a люминесцентный метод
|
| 610 |
1 |
|
|a спектральный анализ
|
| 610 |
1 |
|
|a электролиз
|
| 610 |
1 |
|
|a кондуктометрический метод
|
| 610 |
1 |
|
|a потенциометрический метод
|
| 610 |
1 |
|
|a полярографический метод
|
| 610 |
1 |
|
|a хроматографические методы
|
| 610 |
1 |
|
|a учебные пособия
|
| 610 |
1 |
|
|a библиотека А. Г. Стромберга
|
| 675 |
|
|
|a 543.4/.5(075.8)
|v 4
|
| 700 |
|
1 |
|a Ляликов
|b Ю. С.
|c химик-аналитик, академик АН Молдавской ССР
|f 1909-1976
|g Юрий Сергеевич
|2 stltpush
|3 (RuTPU)RU\TPU\pers\47208
|9 22788
|
| 801 |
|
1 |
|a RU
|b 63413507
|c 20021128
|g PSBO
|
| 801 |
|
2 |
|a RU
|b 63413507
|c 20221006
|g PSBO
|
| 942 |
|
|
|c BK
|